The Routledge encyclopedia of research methods in applied linguistics : quantitative, qualitative, and mixed-methods research

Bibliographic Details
Main Author: Riazi, A. Mehdi (Author)
Format: Book
Language:English
Published: New York : Routledge , c2016
Subjects:

MARC

LEADER 00000cam a2200000 7i4500
001 0000091113
005 20230806093000.0
008 170529s2016 nyu eng
020 |a 9780415816274 
020 |a 9781315656762 
050 0 0 |a P53.755   |b .R53 2016 
090 0 0 |a P53.755   |b .R53 2016 
100 1 |a Riazi, A. Mehdi ,   |e author 
245 1 4 |a The Routledge encyclopedia of research methods in applied linguistics :   |b quantitative, qualitative, and mixed-methods research   |c A. Mehdi Riazi 
260 |a New York :   |b Routledge ,   |c c2016 
300 |a xiv, 384 p. :   |b ill. ;   |c 26 cm. 
504 |a Includes bibliographical references (p. 355-377) and index 
650 0 |a Applied linguistics   |x Research   |x Methodology   |v Encyclopedias 
650 0 |a Language and languages   |x Study and teaching   |x Research   |x Methodology   |v Encyclopedias 
650 0 |a Second language acquisition   |x Research   |x Methodology   |x Encyclopedias 
999 |a 1000170807   |b Book   |c Reference   |e Gong Badak Campus